000 00797nam a2200265Ia 4500
008 170203s9999 xx 000 0 und d
020 _a0 753405210
050 _a0 30
050 _bT388i 1994
100 _aTheodorou, Rod.
245 _aTriceratops had horns and other questions about dinosaurs /
245 _cRod Theodorou.
260 _aDanbury, Connecticut :
260 _bGrolier,
260 _c2005
300 _a32 pages :
300 _bcolor illustrations ;
300 _c29 cm.
440 _aI wonder why series.
500 _aOriginally published: London : Kingfisher, c1994.
650 _aChildren's questions and answers.
650 _aDinosaurs -- Miscellanea --
650 _xJuvenile literature.
700 _aI wonder why triceratops had horns., Title.
999 _c305622
_d305622